| 000 | 00541nam a22001697a 4500 | ||
|---|---|---|---|
| 003 | NUST | ||
| 038 | _aNusrat Nadeem | ||
| 082 | _a200 | ||
| 100 |
_aAin Qurat-ul _9123398 |
||
| 245 |
_aEnergy Forecasting and Decision Making using Data Analytics in Smart Grid/ _cQurat-ul-Ain |
||
| 264 |
_aIslamabad; _bSEECS NUST; _c2024. |
||
| 300 |
_a158,p; _bill; _c30,cm. |
||
| 650 |
_aPhD-Computer Science _9123747 |
||
| 700 |
_aSupervisor: Dr. Sohail Iqbal _996779 |
||
| 856 | _u http://10.250.8.41:8080/xmlui/handle/123456789/44036 | ||
| 942 |
_2ddc _cSC |
||
| 999 |
_c609834 _d609834 |
||